000 01624cam0 2200373 ib4500
001 BY-MA0000-br85333656
005 20250728161303.0
010 ^a978-5-00167-138-1
^bв переплете
100 ^a20250212d2024 c y0rusy50 ca
101 1 ^arus
^ceng
102 ^aRU
105 ^aa z 000oy
109 ^ama
200 1 ^aБДВ: Большой и Добрый Великан
^fРоальд Даль
^gперевод с английского Ирины Шишковой
^gиллюстрации Квентина Блейка
210 ^aМосква
^cСамокат
^d2024
215 ^a224 с.
^cил.
^d21 см
225 1 ^aРоальд Даль. Фабрика сказок
333 ^a6+
345 ^a3000 экз.
606 ^aАНГЛИЙСКАЯ ЛИТЕРАТУРА
^3BY-NLB-ar2468
^2DVNLB
608 ^aЛИТЕРАТУРНАЯ СКАЗКА
^3BY-NLB-ar16440
^2BYGNR
608 ^aДЕТСКАЯ И ЮНОШЕСКАЯ ЛИТЕРАТУРА (художеств. произведение)
^3BY-NLB-ar9019
^2BYGNR
686 ^a84(4Вел)
^2rubbk
690 ^a1
^2Base
^9BY-MI0003
^xRSEK
700 1 ^aДаль
^bР.
^gРоальд
^cписатель
^f1916—1990
^3BY-NLB-ar2648165
702 1 ^aБлейк
^bК.
^gКвентин
^cхудожник
^cписатель
^fрод. 1932
^3BY-SEK-ar12736134
^4040
702 1 ^aШишкова
^bИ.
^gИрина
^4730
801 0 ^aBY
^bBY-MA0000
^c20250212
^gRCR
801 2 ^aBY
^bBY-MI0003
^c20250624
^gRCR
035 ^a(BY-MI0003)BY-MA0000-br85333656
899 0 ^aBY-MI0003
^iД 15
^h84(4Вел)